| 000 | 00416nam a2200133 a 4500 | ||
|---|---|---|---|
| 001 | 000039442 | ||
| 005 | 20201002031643.0 | ||
| 008 | 130628s2001 dr ac 000 0 spa d | ||
| 040 |
_aDO-SdBNP _bspa _cBNPHU |
||
| 110 | 2 |
_aInstituto par el Desarrollo del Noreeste _965650 |
|
| 245 | 1 | 0 |
_aINDENOR : _bMemoria anual 2001. |
| 260 |
_aMao, Valverde, República Dominicana, _c2001. |
||
| 300 |
_a132 p. : _bil., retrs. ; _c28 cm. |
||
| 999 |
_c38932 _d38932 |
||